Vincitori Europei di calcio - Statistics

Statistiche generali
  • Questo quiz è stato fatto 316 volte
  • Il punteggio medio è 9 su 10
Statistiche sulle risposte
Numero vittorie Edizioni vincenti Nazionale % Corretto
2 1968 - 2020 Italia
100%
4 1964 - 2008 - 2012 - 2024 Spagna
100%
1 2016 Portogallo
99%
2 1984 - 2000 Francia
98%
3 1972 - 1980 - 1996 Germania / Germania Ovest
98%
1 2004 Grecia
91%
1 1988 Paesi Bassi
84%
1 1960 Russia / Unione Sovietica
77%
1 1992 Danimarca
76%
1 1976 Repubblica Ceca / Cecoslovacchia
54%
Nessun quiz corrispondente trovato
Distribuzione punteggi
Percentuale di utenti per punteggio
Percentile per numero di risposta
I tuoi punteggi nel tempo
Non hai fatto questo quiz